Ema a její kouzelná zoo. Uličnický mýval /
Další příběh Emy, která s maminkou bydlí v zoo a rozumí řeči zvířat. Tentokrát je v hlavní roli malý mýval.
Uloženo v:
| Série: | Ema a její kouzelná zoo,
část 19 |
|---|---|
| Hlavní autor: | |
| Další autoři: | |
| Médium: | E-kniha |
| Jazyk: | Czech |
| Vydáno: |
V Praze :
Fragment,
2025
|
| Vydání: | 1. vydání |
| Témata: | |
| Příbuzné jednotky: | Z cyklu::
Ema a její kouzelná zoo |
| Tagy: |
Žádné tagy |
| LEADER | 02533nam a2200505 i 4500 | ||
|---|---|---|---|
| 001 | 312784 | ||
| 003 | CZ PrSKC | ||
| 005 | 20260601215728.0 | ||
| 007 | ta | ||
| 008 | 250814s2025 xr a b 000 j cze | ||
| 015 | |a cnb003704438 | ||
| 020 | |a 9788025373828 |q (vázáno) : |c Kč 229,00 | ||
| 035 | |a (OCoLC)1544836867 | ||
| 040 | |a ABG001 |b cze |d ABA001 |e rda | ||
| 041 | 1 | |a cze |h eng | |
| 072 | 7 | |a 821.111-3 |x Anglická próza, anglicky psaná |2 Konspekt | |
| 072 | 7 | |a 821-93 |x Literatura pro děti a mládež (beletrie) |2 Konspekt | |
| 080 | |a 821.111-32 |2 MRF | ||
| 080 | |a 821-93 |2 MRF | ||
| 080 | |a (0:82-32) |2 MRF | ||
| 100 | 1 | |a Cobb, Amelia |7 xx0217911 |4 aut | |
| 240 | 1 | 0 | |a Rascally raccoon. |l Česky |
| 245 | 1 | 0 | |a Ema a její kouzelná zoo. |p Uličnický mýval / |c Amelia Cobb ; z anglického originálu Zoe's rescue zoo - The rascally raccoon přeložila Eva Brožová |
| 246 | 3 | 0 | |a Uličnický mýval |
| 250 | |a 1. vydání | ||
| 264 | 1 | |a V Praze : |b Fragment, |c 2025 | |
| 300 | |a 100 stran : |b ilustrace ; |c 21 cm | ||
| 336 | |a text |b txt |2 rdacontent | ||
| 337 | |a bez média |b n |2 rdamedia | ||
| 338 | |a svazek |b nc |2 rdacarrier | ||
| 520 | 2 | |a Další příběh Emy, která s maminkou bydlí v zoo a rozumí řeči zvířat. Tentokrát je v hlavní roli malý mýval. |b Zoo má nový přírůstek. Uličnický mýval Milda miluje legrácky a využije každou příležitost, aby si z někoho vystřelil. Ztřeštěné nápady mají také Ema a její kamarádka Linda. Pak se ale holkám jeden žertík nepovede. Nakladatelská anotace. Kráceno. | |
| 521 | 8 | |a Pro čtenáře od 7 let | |
| 655 | 7 | |a anglické příběhy |7 fd131813 |2 czenas | |
| 655 | 7 | |a publikace pro děti |7 fd133156 |2 czenas | |
| 655 | 9 | |a English stories |2 eczenas | |
| 655 | 9 | |a children's literature |2 eczenas | |
| 700 | 1 | |a Brožová, Eva |7 jn20010309864 |4 trl | |
| 765 | 1 | |t Zoe's rescue zoo | |
| 787 | 0 | 8 | |i Z cyklu: |t Ema a její kouzelná zoo |g 19 |w (CZ-CtDS)5700fc90-3c7d-5ff5-81ba-f5c658946a52 |
| 900 | |a ABA001 |b 20 | ||
| 928 | 9 | |a Albatros Media - Fragment | |
| 044 | |a xr | ||
| 910 | |a RBIT002 | ||
| 998 | |d 421876 |a https://core.palmknihy.cz/api/books/421876/cover?t0zuoj |b https://core.palmknihy.cz/api/books/421876/cover/400?t0zuoj |c https://core.palmknihy.cz/api/books/421876/cover/50?t0zuoj |e 2031-12-31 |g 104 |i 9788025373828 |j https://core.palmknihy.cz/api/books/421876/preview.epub |k https://core.palmknihy.cz/api/books/421876/preview.pdf |l |q 49 |r 1 |s https://www.palmknihy.cz/kniha/421876 |t ebook |y 2025 |z 0 |v Ema a její kouzelná zoo |w 19 | ||
| 999 | |d 312782 | ||